000
00503nam a2200169Ia 4500
008
090711s9999 xx 000 0 und d
082
_b
65422
100
_a
सामंत माया
245
_a
दुनिया झुकती है
260
_c
1987
300
_a
435
600
_a
सामंत माया
630
_a
दुनिया झुकती है
700
_a
सामंत माया
730
_a
दुनिया झुकती है
942
_c
BOOK
999
_c
299880
_d
299880